[Event "Budapest Spring Festival 2019"]
[Site "Budapest"]
[Date "2019.04.16"]
[Round "8.38"]
[White "Wong, Jianwen"]
[Black "Popovics, Adam"]
[Result "1/2-1/2"]
[WhiteElo "2185"]
[BlackElo "2375"]
[Annotator "RC"]
[PlyCount "116"]
[EventDate "2019.04.09"]
[EventType "swiss"]
[EventCountry "HUN"]
[SourceTitle "playchess.com"]
[Source "ChessBase"]
[SourceQuality "1"]
[TimeControl "40/5400+30:1800+30"]

1. c4 {[%emt 0:00:01]} Nf6 {[%emt 0:00:14]} 2. g3 {[%emt 0:00:06]} g6 {[%emt 0:00:26]} 3. Bg2 {[%emt 0:00:06]} Bg7 {[%emt 0:00:05]} 4. Nc3 {[%emt 0:00:24]} O-O {[%emt 0:00:13]} 5. e4 {[%emt 0:00:38]} d6 {[%emt 0:00:19]} 6. Nge2 {[%emt 0:02:12]} e5 {[%emt 0:01:27]} 7. O-O {[%emt 0:01:19]} Nc6 {[%emt 0:01:51]} 8. d3 {[%emt 0:00:09]} Nh5 {[%emt 0:05:36]} 9. Be3 {[%emt 0:08:37]} Nd4 {[%emt 0:00:52]} 10. Qd2 {[%emt 0:01:59]} c6 {[%emt 0:07:16]} 11. Bg5 {[%emt 0:12:25]} f6 {[%emt 0:01:18]} 12. Be3 {[%emt 0:00:43]} f5 {[%emt 0:00:34]} 13. Bg5 {[%emt 0:00:19]} Qe8 {[%emt 0:06:52]} 14. Nxd4 {[%emt 0:02:13]} exd4 {[%emt 0:00:05]} 15. Ne2 {[%emt 0:00:11]} fxe4 {[%emt 0:07:18]} 16. dxe4 {[%emt 0:00:44]} Be6 {[%emt 0:05:47]} 17. b3 {[%emt 0:10:01]} c5 {[%emt 0:00:11]} 18. a4 {[%emt 0:04:31]} b6 {[%emt 0:04:29]} 19. h3 {[%emt 0:05:27]} Qf7 {[%emt 0:13:32]} 20. g4 {[%emt 0:03:51]} d3 {[%emt 0:01:38]} 21. Qxd3 {[%emt 0:07:19]} Bxa1 {[%emt 0:00:54]} 22. Rxa1 {[%emt 0:01:07]} Qxf2+ {[%emt 0:10:08]} 23. Kh2 {[%emt 0:00:48]} Ng7 {[%emt 0:00:17]} 24. Rf1 {[%emt 0:00:26]} Qxf1 {[%emt 0:00:07]} 25. Bxf1 {[%emt 0:00:04]} Rxf1 {[%emt 0:00:05]} 26. Nf4 {[%emt 0:01:20]} Re1 {[%emt 0:04:17]} 27. Qc3 {[%emt 0:06:31]} Rxe4 {[%emt 0:00:22]} 28. Qf3 {[%emt 0:00:03]} d5 {[%emt 0:02:47]} 29. cxd5 {[%emt 0:00:05]} Rxf4 {[%emt 0:00:08]} 30. Bxf4 {[%emt 0:00:12]} Bd7 {[%emt 0:00:52]} 31. Be5 {[%emt 0:02:20]} Rf8 {[%emt 0:00:08]} 32. Qg3 {[%emt 0:00:05]} Rf7 {[%emt 0:00:43]} 33. Bc3 {[%emt 0:00:11]} h6 {[%emt 0:02:11]} 34. Qb8+ {[%emt 0:00:27]} Ne8 {[%emt 0:00:17]} 35. Kg3 {[%emt 0:00:57]} Kh7 {[%emt 0:00:54]} 36. Be5 {[%emt 0:02:02]} c4 {[%emt 0:00:54]} 37. bxc4 {[%emt 0:03:46]} Bxa4 {[%emt 0:00:10]} 38. Qd8 {[%emt 0:00:29]} Bd7 {[%emt 0:01:09]} 39. Qa8 {[%emt 0:04:31]} Ba4 {[%emt 0:01:10]} 40. Bd4 {[%emt 0:00:00]} Ng7 {[%emt 0:00:00]} 41. Bxb6 {[%emt 0:01:15]} Bb3 {[%emt 0:03:33]} 42. Bxa7 {[%emt 0:05:05]} Bxc4 {[%emt 0:00:07]} 43. d6 {[%emt 0:00:42]} Be6 {[%emt 0:04:13]} 44. Bd4 {[%emt 0:06:07]} Bd7 {[%emt 0:02:07]} 45. Be5 {[%emt 0:01:40]} Be6 {[%emt 0:00:20]} 46. Bf4 {[%emt 0:03:01]} h5 {[%emt 0:00:41]} 47. Be5 {[%emt 0:03:26]} Bd7 {[%emt 0:00:29]} 48. Kh4 {[%emt 0:00:51]} Be6 {[%emt 0:05:49]} 49. Qe4 {[%emt 0:02:17]} Bd7 {[%emt 0:00:53]} 50. Bc3 {[%emt 0:10:34]} Ne6 {[%emt 0:00:36]} 51. Bd2 {[%emt 0:00:49]} Ng7 {[%emt 0:02:03]} 52. Qe3 {[%emt 0:01:44]} Kg8 {[%emt 0:01:03]} 53. Qh6 {[%emt 0:00:52]} hxg4 {[%emt 0:00:23]} 54. hxg4 {[%emt 0:02:07]} Rf1 {[%emt 0:27:06]} 55. Qe3 {[%emt 0:02:17]} Ne6 {[%emt 0:03:02]} 56. Qd3 {[%emt 0:05:46]} Rh1+ {[%emt 0:00:58]} 57. Kg3 {[%emt 0:00:03]} Rg1+ {[%emt 0:00:15]} 58. Kf3 {[%emt 0:01:54]} Rxg4 {[%emt 0:00:06] Ke4} 1/2-1/2

[Event "Budapest Spring Festival 2019"]
[Site "Budapest"]
[Date "2019.04.16"]
[Round "8.39"]
[White "Louis, Thibault"]
[Black "Rudolf, Michal"]
[Result "0-1"]
[WhiteElo "2251"]
[BlackElo "2337"]
[Annotator "TA"]
[PlyCount "92"]
[EventDate "2019.04.09"]
[EventType "swiss"]
[EventCountry "HUN"]
[SourceTitle "playchess.com"]
[Source "ChessBase"]
[SourceQuality "1"]

{[%evp 21,92,16,21,-48,-45,-56,-54,-59,0,0,0,0,0,0,0,15,28,36,68,68,67,53,66,75,70,72,89,68,66,70,107,87,97,94,125,124,111,97,100,113,99,98,89,40,42,49,49,66,47,6,70,0,0,0,0,0,0,0,0,0,0,0,0,0,0,0,0,-261,-257,-577,-560,-29997,-29998]} 1. e4 c6 2. d4 d5 3. e5 Bf5 4. h4 h6 5. g4 Be4 6. f3 Bh7 7. e6 Qd6 8. exf7+ {B12: Caro-Kann: Advance Variation} Kxf7 9. f4 (9. Bd3 Bxd3 10. Qxd3 Nd7 11. h5 e5 12. f4 exd4 13. Qf5+ Ngf6 14. g5 hxg5 15. fxg5 Qg3+ {0-1 (40) Fedoseev,V (2724)-Tabatabaei,M (2577) Moscow 2018 CBM 183 [Stohl,I]}) 9... Nf6 10. Nf3 Nxg4 11. Bh3 h5 {LiveBook: 4 Games} 12. Bxg4 ({Better is} 12. Ne5+ $11 Kg8 13. Nxg4 hxg4 14. Qxg4 Bxc2 15. Nc3) 12... hxg4 $15 13. Ne5+ Kg8 {Threatens to win with ...Be4.} 14. Qxg4 {[#]} Be4 $146 (14... e6 $15 15. c3 Nd7) ({Predecessor:} 14... Qf6 15. Be3 Bf5 {½-½ (57) Reshef,O (2453)-Macieja,B (2533) Dallas 2017}) 15. Rh2 $1 $11 {[#] Strongly threatening Qc8.} e6 $1 16. Nc3 Bf5 $1 {[%cal Rf5g4]} 17. Qg3 Nd7 18. Be3 $40 {[%mdl 128] White mounts an attack.} Nf6 19. O-O-O b5 20. h5 {aiming for h6.} Rh6 21. Rg1 a5 22. Qg5 {Black must now prevent Qxh6.} Kh7 23. Nf7 Qe7 24. Nxh6 gxh6 25. Qh4 Qf7 26. Ne2 Be7 {next ...Ng4 is good for Black.} 27. Rhg2 Ng4 28. Qh3 Nf6 29. Qf3 Be4 {[#]} 30. Rg7+ $1 Qxg7 31. Rxg7+ Kxg7 32. Qg3+ Kf7 33. f5 Bxf5 34. Qc7 Rg8 35. Nf4 Ne8 ({Black should try} 35... a4 $1 $11) 36. Qxc6 (36. Qxa5 $14 Rg3 37. Qe1) 36... Rg3 37. Kd2 Nd6 {...Nc4+ is the strong threat.} 38. b3 Ne4+ 39. Ke2 Bg4+ 40. Kd3 Nf2+ 41. Kd2 Ne4+ 42. Kd3 Nf2+ 43. Kd2 Nd1 44. Nxd5 $2 {[%mdl 8192]} (44. Bg1 $1 $11) 44... Rg2+ $19 45. Kc1 $2 (45. Ke1 {was the crucial defense.} Bh4+ 46. Kf1) 45... Nxe3 46. Nxe3 Ba3+ {Precision: White = 59%, Black = 63%.} 0-1

[Event "Budapest Spring Festival 2019"]
[Site "Budapest"]
[Date "2019.04.16"]
[Round "8.40"]
[White "Saravanan, V.."]
[Black "Muetsch, Annmarie"]
[Result "0-1"]
[WhiteElo "2335"]
[BlackElo "2223"]
[Annotator "TA"]
[PlyCount "84"]
[EventDate "2019.04.09"]
[EventType "swiss"]
[EventCountry "HUN"]
[SourceTitle "playchess.com"]
[Source "ChessBase"]
[SourceQuality "1"]

{[%evp 17,84,51,50,52,47,49,61,51,65,28,11,-3,40,23,18,-7,36,-4,27,10,15,20,28,17,17,0,39,54,59,-35,35,-48,196,44,135,133,160,145,135,132,214,121,316,87,84,70,148,108,77,9,102,56,60,-85,-96,-101,-93,-447,0,-285,-240,-341,-341,-337,-327,-317,-271,-286,-8]} 1. d4 Nf6 2. c4 g6 3. Nc3 Bg7 4. e4 d6 5. Be2 O-O 6. Nf3 Na6 7. O-O e5 8. Be3 c6 9. d5 Ng4 10. Bg5 {E94: King's Indian: Classical: 6 Be2 e5 7 0-0: Various Black 7th moves} f6 11. Bc1 (11. Bh4 c5 12. Ne1 Nh6 13. Nc2 Nf7 14. a3 b6 15. b4 Bd7 16. Rb1 Bh6 17. Bg4 Bg5 18. Bxd7 Qxd7 19. Bxg5 fxg5 20. Ne3 {1-0 (52) Korobov,A (2698)-Demchenko,A (2679) St Petersburg 2018}) 11... f5 12. exf5 {White is slightly better.} gxf5 13. Ne1 (13. Bg5 $5 {[%cal Rg5d8]} Nf6 14. Qc2 $14) 13... Nf6 14. f4 e4 15. dxc6 $146 ({Predecessor:} 15. Be3 c5 16. Nc2 Qe7 17. Rb1 Ng4 18. Bxg4 fxg4 19. Qd2 Bf5 20. a4 h5 21. Rbe1 Qf6 22. Rb1 {½-½ (22) Kozak,A (2424)-Huber,M (2421) Austria 2018}) 15... bxc6 16. Nc2 Qe7 17. h3 Kh8 18. Be3 c5 19. Qd2 Be6 20. Bf2 Rad8 21. Ne3 Nc7 {next ...d5 is good for Black.} 22. Bh4 Qf7 23. g4 (23. Rad1 $14) 23... Qg6 (23... d5 $1 $15 24. gxf5 d4 25. fxe6 Nxe6) 24. Rf2 (24. Rad1 $14) 24... h5 $2 (24... fxg4 $6 25. hxg4 Qh6 26. Bg5 $16) (24... d5 $1 $15 25. Rg2 fxg4 26. Bxg4 Bxg4 27. Nxg4 (27. cxd5 $2 Ncxd5 28. Ncxd5 Nxd5 $19 {[%mdl 64] Discovered Attack}) 27... dxc4) 25. Raf1 $2 (25. g5 Ng8 $11) (25. Rg2 $1 $18 hxg4 26. hxg4 fxg4 27. Rf1) 25... Rd7 (25... d5 $1 $14 26. Rg2 d4 27. gxf5 dxe3 28. Qxd8 (28. Rxg6 Rxd2 29. fxe6 Nxe6 $15) 28... Qxg2+ 29. Kxg2 Rxd8 30. fxe6 Nxe6) 26. Kh1 $1 $16 Qh7 27. Rg1 (27. Nxf5 hxg4 28. hxg4 Nxg4 $14) 27... d5 {Hoping for ...d4.} 28. gxf5 Bg8 (28... Bxf5 $16 {was necessary.} 29. Bxf6 (29. Nexd5 Nfxd5 30. cxd5 Bd4 $15) (29. Ncxd5 Ncxd5 30. cxd5 Nxd5 $14) (29. cxd5 Nfxd5 30. Ncxd5 Nxd5 $14) 29... Bxf6 30. cxd5 Ne6) 29. cxd5 (29. Rxg7 $18 Rxg7 30. cxd5) 29... Ncxd5 $2 (29... Nfxd5 $16 30. Rg5 (30. Nxe4 Bd4 $14) 30... Bd4 31. Rxh5 Nxe3) 30. Nexd5 $2 (30. Bb5 $18 {is more deadly.}) 30... Nxd5 31. Nxe4 Bd4 (31... Nf6 $1 $14 32. Nxf6 Rxd2 33. Nxh7 Bxh7) 32. Ng5 Qh6 33. Bb5 ({White should play} 33. Ne6 $16 Bxe6 34. Rg6 (34. Bg5 Qh7 $16)) 33... Rd6 (33... Rg7 $1 $11 34. Bd3 Ne7) 34. Ne4 Rb6 35. Rg6 (35. b4 $14 {keeps the upper hand.} Rxb5 36. bxc5 $1 {[%mdl 512]}) 35... Rxg6 $17 36. fxg6 Qxg6 {[#]} 37. Bd3 $2 {[%mdl 8192] [#]} (37. f5 $1 $17 {[%mdl 512]} Rxf5 38. Rg2) 37... Qc6 $2 (37... Nxf4 $1 $19 {[%mdl 512]} 38. Ng5 (38. Rxf4 Qg1#) 38... Bd5+ 39. Kh2 Qd6) 38. Qe2 $2 {[%mdl 8192]} (38. Kh2 $11 {and White is okay.}) 38... Bh7 39. Qxh5 (39. f5 {was worth a try.} Bxf2 40. Nxf2 Nc3+ 41. Be4 Nxe4 42. Qxe4 Qxe4+ 43. Nxe4) 39... Nxf4 $19 {[%mdl 64] Double Attack. Black has a decisive advantage.} 40. Qf3 Bxf2 41. Bxf2 Ne6 42. Qg2 Rxf2 $2 {[%mdl 32768] Accuracy: White = 27%, Black = 30%. . Loss on time!?} (42... Rg8 $19 43. Qf3 Rf8) 0-1

[Event "Budapest Spring Festival 2019"]
[Site "Budapest"]
[Date "2019.04.17"]
[Round "9.1"]
[White "Timofeev, Artyom"]
[Black "Onischuk, Vladimir"]
[Result "1/2-1/2"]
[WhiteElo "2593"]
[BlackElo "2627"]
[Annotator "TA"]
[PlyCount "30"]
[EventDate "2019.04.09"]
[EventType "swiss"]
[EventCountry "HUN"]
[SourceTitle "playchess.com"]
[Source "ChessBase"]
[SourceQuality "1"]

{[%evp 14,30,60,8,38,10,10,6,13,10,15,15,15,12,18,7,6,6,17]} 1. e4 d6 2. d4 Nf6 3. Bd3 g6 4. Nf3 Bg7 5. O-O O-O 6. Re1 Nc6 7. c3 e5 8. Nbd2 (8. h3 $14) 8... Re8 {B07: Pirc Defence: Miscellaneous Systems} (8... Nh5 9. Nb3 h6 10. Be3 Re8 11. Nfd2 Qe7 12. Bf1 Nf6 13. f3 Bd7 14. Bf2 Kh8 15. Nc4 Qf8 16. Ne3 a6 {1-0 (47) Alekseev,E (2639)-Petrosian,T (2598) St Petersburg 2018}) 9. dxe5 Nxe5 {The position is equal.} 10. Nxe5 dxe5 11. Nf3 Qe7 $146 ({Predecessor:} 11... c6 12. h3 Qc7 13. Qc2 h6 14. Bc4 b5 {½-½ (64) Lam,S (2038)-Garbarino,X (2216) France 2006}) 12. h3 a5 13. a4 Rd8 14. Qc2 h6 15. Be3 b6 1/2-1/2

[Event "Budapest Spring Festival 2019"]
[Site "Budapest"]
[Date "2019.04.17"]
[Round "9.2"]
[White "Ter-Sahakyan, Samvel"]
[Black "Hakobyan, Aram"]
[Result "1/2-1/2"]
[WhiteElo "2601"]
[BlackElo "2554"]
[Annotator "RC"]
[PlyCount "22"]
[EventDate "2019.04.09"]
[EventType "swiss"]
[EventCountry "HUN"]
[SourceTitle "playchess.com"]
[Source "ChessBase"]
[SourceQuality "1"]
[TimeControl "40/5400+30:1800+30"]

1. d4 {[%emt 0:00:10]} d5 {[%emt 0:00:25]} 2. c4 {[%emt 0:00:15]} e6 {[%emt 0:00:25]} 3. Nf3 {[%emt 0:00:35]} Nf6 {[%emt 0:00:24]} 4. g3 {[%emt 0:00:28]} Bb4+ {[%emt 0:00:34]} 5. Bd2 {[%emt 0:01:09]} Be7 {[%emt 0:00:17]} 6. Bg2 {[%emt 0:00:09]} O-O {[%emt 0:01:00]} 7. O-O {[%emt 0:00:09]} Nbd7 {[%emt 0:00:46]} 8. Qc2 {[%emt 0:02:16]} c6 {[%emt 0:01:24]} 9. a4 {[%emt 0:01:49]} a5 {[%emt 0:01:31]} 10. Rc1 {[%emt 0:02:11]} Ne4 {[%emt 0:00:53]} 11. Be1 {[%emt 0:01:25]} f5 {[%emt 0:01:02]} 1/2-1/2

[Event "Budapest Spring Festival 2019"]
[Site "Budapest"]
[Date "2019.04.17"]
[Round "9.3"]
[White "Mikhalevski, Victor"]
[Black "Santos Latasa, Jaime"]
[Result "0-1"]
[WhiteElo "2580"]
[BlackElo "2585"]
[Annotator "TA"]
[PlyCount "94"]
[EventDate "2019.04.09"]
[EventType "swiss"]
[EventCountry "HUN"]
[SourceTitle "playchess.com"]
[Source "ChessBase"]
[SourceQuality "1"]

{[%evp 20,94,0,5,5,0,0,0,0,0,21,15,15,15,33,37,31,26,31,25,24,31,29,14,43,37,50,15,12,-14,-15,-10,0,-11,-14,-7,-12,-14,-7,-7,-8,-8,-7,-50,-47,-62,-62,-101,-77,-205,-192,-227,-217,-467,-295,-459,-452,-442,-450,-427,-447,-445,-439,-391,-407,-837,-752,-29963,-29962,-29962,-29960,-29974,-29971,-29960,-29961,-5318,-183]} 1. Nf3 c5 2. c4 Nc6 3. Nc3 g6 4. g3 Bg7 5. Bg2 d6 6. O-O e6 7. e3 Nge7 8. d4 O-O 9. b3 cxd4 10. Nxd4 Nxd4 11. exd4 Nf5 {A36: Symmetrical English vs ...g6: 4 Bg2 Bg7} 12. Ne2 Rb8 13. a4 b6 {The position is equal.} 14. Ra2 Re8 15. d5 {[#]} e5 $146 ({Predecessor:} 15... Bb7 16. Bb2 Bxb2 17. Rxb2 Qf6 18. Rd2 exd5 19. Bxd5 Bxd5 20. Rxd5 Re4 21. Rd3 Rbe8 22. Nc3 Rd4 23. Nb5 Rxd3 24. Qxd3 Re7 25. Rd1 {½-½ (25) Moussard,J (2506)-Vachier Lagrave,M (2788) Drancy 2016}) 16. Nc3 a5 17. Ne4 Nd4 18. Bg5 f6 19. Be3 Nf5 20. Bc1 Nh6 21. f4 {White wants to play fxe5.} Nf7 22. fxe5 Nxe5 23. Ba3 Nf7 $1 24. g4 f5 25. gxf5 $1 Bxf5 26. Ng3 Nh6 27. Bc1 ({Much worse is} 27. Nxf5 Nxf5 28. Re2 Ne3 $17) 27... Qh4 $36 {[%mdl 2048] White must now prevent ...Bd4+. White is under pressure.} 28. Bxh6 Bxh6 29. Nxf5 gxf5 30. Kh1 Re5 31. Raf2 Rf8 32. Rf3 Be3 $1 33. Qd3 f4 34. Bh3 {[#]} (34. Rh3 $17 Qe7 35. Bf3) 34... Kh8 $1 $19 35. Be6 Qe7 36. Rh3 $2 (36. Qb1) 36... Rf6 37. c5 (37. Bg4 $142 Qg7 38. Rh4) 37... bxc5 38. Qa6 Rg5 39. Qa8+ ({But not} 39. Qxa5 $2 Rxe6 40. Qa8+ Rg8) 39... Rf8 40. Qxa5 Qg7 {( -> ...Rg1+)} 41. Qe1 Rf6 ({Less strong is} 41... Qb2 42. Qa1 $17) 42. a5 (42. Rhf3 $142 Rfg6 43. Rxe3 fxe3 44. Qxe3) 42... Bd4 {Hoping for ...Rfg6.} 43. Rd3 {[#]} f3 $1 {[%mdl 512]} 44. Rxd4 (44. Rdxf3 Rxf3) 44... cxd4 45. a6 Rg2 46. Bh3 Re2 47. a7 {[#]} Qg2+ $1 {[%mdl 512] Accuracy: White = 43%, Black = 88%.} 0-1

[Event "Budapest Spring Festival 2019"]
[Site "Budapest"]
[Date "2019.04.17"]
[Round "9.4"]
[White "Nisipeanu, Liviu-Dieter"]
[Black "Gonda, Laszlo"]
[Result "0-1"]
[WhiteElo "2680"]
[BlackElo "2527"]
[Annotator "TA"]
[PlyCount "134"]
[EventDate "2019.04.09"]
[EventType "swiss"]
[EventCountry "HUN"]
[SourceTitle "playchess.com"]
[Source "ChessBase"]
[SourceQuality "1"]

{[%evp 11,134,-2,11,-11,0,-11,21,12,13,18,80,91,85,77,47,47,50,50,102,106,108,95,101,91,113,102,109,44,75,3,2,11,18,9,30,10,21,0,12,-112,-4,-43,0,-46,-46,-63,-51,-113,-92,-87,-59,-66,-66,-66,-20,-45,-39,-47,17,14,22,0,0,0,0,0,0,-22,-20,-53,-52,-75,-79,-82,-81,-73,-8,-8,-8,-8,-8,-8,-8,-8,-8,-8,-8,-8,-8,-8,-8,-8,-8,-8,-8,-8,-8,-8,-13,-33,-48,-181,-181,-181,-93,-136,-137,-151,-212,-212,-212,-212,-212,-212,-212,-212,-212,-29946,-9362,-11215,-12718,-11215,-6685,-29971,-29971]} 1. e4 e5 2. Nf3 Nc6 3. Bb5 a6 4. Ba4 Nf6 5. d3 d6 6. c4 g6 7. h3 {C77: Ruy Lopez: 3...a6 4 Ba4 Nf6, unusual lines} (7. Nc3 Bg7 8. Nd5 O-O 9. Bg5 Nb8 10. d4 c6 11. dxe5 dxe5 12. Nxf6+ Bxf6 13. Qxd8 Bxd8 14. Bxd8 Rxd8 15. Nxe5 Re8 {1-0 (63) Tiviakov,S (2583)-Ernst,S (2546) Amsterdam 2018}) 7... Bg7 8. Nc3 Nd7 9. Bg5 {The position is equal.} f6 10. Be3 Nc5 $146 (10... f5 $11) ({Predecessor:} 10... O-O 11. g4 Ne7 12. Rg1 c6 13. d4 b5 14. cxb5 axb5 15. Bb3+ Kh8 {1-0 (42) Cerveny,P (2353)-Ruecker,B (2246) Pardubice 2008}) 11. Bxc6+ bxc6 12. Bxc5 $1 dxc5 13. Qa4 Qd6 14. Qa5 Bh6 (14... O-O $14) 15. Rd1 $16 Be6 16. O-O g5 17. Na4 g4 18. Nh4 Bf8 19. g3 (19. hxg4 $16 Bxg4 20. f3) 19... Rg8 20. Nf5 (20. hxg4 $16 Bxg4 21. Nf5 Bxf5 22. exf5) 20... Bxf5 $1 $11 21. exf5 gxh3 22. Nc3 Qd7 23. Ne4 Be7 24. Kh2 Qxf5 {Strongly threatening ...Qf3.} 25. f4 (25. Qxc7 $11 Rc8 26. Qb7) 25... Kd7 (25... O-O-O $1 $17 {next ...h5 is good for Black.} 26. b4 (26. Qxa6+ Kd7 $17) 26... cxb4 27. fxe5 Qxe5 28. Qxe5 fxe5) 26. Rde1 Kc8 27. Qa4 Qd7 {Hoping for ...f5.} 28. fxe5 f5 29. Nd2 (29. Nf6 $1 $15 Bxf6 30. exf6) 29... Qxd3 30. Nf3 Kb7 (30... f4 {is interesting.} 31. gxf4 Rg2+ 32. Kh1 Qg6 33. Ng5 Bxg5 34. fxg5 Rxg5 35. Rf8+ Kb7) 31. Qb3+ $1 Qxb3 32. axb3 Rg6 33. Re3 Rf8 34. Ne1 Bg5 (34... h5 $15) 35. Ref3 $1 Rd8 36. Nd3 Kb6 37. Kxh3 Rd4 38. Rd1 Bh6 39. Rxf5 Bg7 40. Rff1 Re6 41. Rf4 Bxe5 42. Rxd4 Bxd4 ({Much weaker is} 42... cxd4 $6 43. b4 $11) 43. Re1 Rxe1 (43... Rd6 $17) 44. Nxe1 Bxb2 $17 {[%mdl 4096] Endgame ...a5 is the strong threat. KB-KN} 45. g4 $1 a5 {White must now prevent ...a4!} 46. Kg2 {[#]} a4 $1 47. bxa4 Ka5 48. Kf1 Bc3 49. Nf3 Bf6 50. Ke2 Kxa4 51. Nd2 Ka3 52. Ne4 Be7 53. Kd3 Kb3 54. Nd2+ Kb2 55. Ne4 Kc1 56. Kc3 (56. Nd2 $15) 56... Kd1 $19 {Threatens to win with ...Ke2.} 57. Kd3 h6 (57... Ke1 $1 $19 58. Nd2 Kf2) 58. Ng3 {[#]} Ke1 $1 59. Nf5 Bg5 60. Ng7 Kf2 61. Ke4 Ke2 62. Ne6 Be7 63. Nxc7 {[#]} Kd2 $1 {[%cal Rd2c3] aiming for ...Kc3.} 64. Ke5 $2 (64. Na6 $19 Kc3 65. Nb8 Kxc4 66. Nxc6) 64... Kd3 (64... Kc3 $142 65. Ke6 Bd8 66. Na6 Kxc4 67. Kf5 Kb5 68. Nb8 c4 69. Ke4 Bc7 70. Nd7 Bd6 71. Nf6 Kb4 72. Ke3 Bc5+ 73. Ke2 Kb3 74. Ne4 Bb4 75. Ng3 c3 76. Kf3 c2 77. Ne2 c5 78. Ke4 c4 79. Kd4 c3 80. Kd5 Kb2 81. Nf4 c1=Q 82. Nd3+ Kb1 83. Kc6 Qh1+ 84. Kc7 c2 85. Kb6 Qd5 86. Nc1 Kxc1 87. Ka6 Kb1 88. Kb6 c1=Q 89. Ka7 Qc7+ 90. Ka6 Qd3#) 65. Ke6 Bd8 66. Ne8 Kxc4 67. Kd7 Kd3 {Accuracy: White = 54%, Black = 55%.} 0-1

[Event "Budapest Spring Festival 2019"]
[Site "Budapest"]
[Date "2019.04.17"]
[Round "9.5"]
[White "Erdos, Viktor"]
[Black "Livaic, Leon"]
[Result "1/2-1/2"]
[WhiteElo "2610"]
[BlackElo "2474"]
[Annotator "TA"]
[PlyCount "95"]
[EventDate "2019.04.09"]
[EventType "swiss"]
[EventCountry "HUN"]
[SourceTitle "playchess.com"]
[Source "ChessBase"]
[SourceQuality "1"]

{[%evp 20,95,36,36,41,38,39,31,38,31,48,35,25,43,41,18,18,18,18,18,18,20,26,18,26,27,27,26,37,39,8,33,16,10,42,34,67,63,63,63,63,63,63,63,64,62,68,82,76,83,125,25,37,33,35,38,81,73,81,81,73,64,63,60,54,47,88,0,24,0,0,0,0,0,0,0,8,8]} 1. Nf3 Nf6 2. c4 b6 3. g3 c5 4. Bg2 Bb7 5. O-O g6 6. Nc3 Bg7 7. d4 cxd4 8. Qxd4 d6 9. Rd1 Nbd7 10. Be3 Rc8 11. Rac1 ({Predecessor:} 11. b3 a6 {½-½ (69) Cumming,D (2300)-Vetter,G (2326) ICCF email 2013}) 11... a6 {A30: Symmetrical English: Double Fianchetto and Hedgehog} 12. b3 O-O 13. Qh4 Re8 $146 {White is slightly better.} (13... Rc7 14. g4 Qa8 15. g5 Ne8 16. Nd5 Bxd5 17. Rxd5 b5 18. Rdd1 bxc4 19. Rxc4 d5 20. Rxc7 Nxc7 {½-½ (65) Erdos,V (2617)-Almasi,Z (2650) Ajka 2018}) 14. Bh3 Ba8 15. g4 b5 16. g5 Nh5 17. c5 Rc7 18. b4 $1 dxc5 19. bxc5 e6 20. Ne4 Bd5 21. Nd6 Rf8 22. Nf5 gxf5 23. Rxd5 exd5 24. Qxh5 Re8 $1 {[%cal Re8e3]} 25. Bxf5 Nf8 26. Qg4 Ng6 27. h4 Rxe3 28. fxe3 Qe7 29. Kf2 Rxc5 30. Rxc5 Qxc5 31. h5 Nf8 32. Qf4 Qb6 33. h6 Bh8 34. Bc2 Qd8 35. Nh4 (35. Bb3 $16) 35... d4 36. Bb3 {[%csl Gf4][%cal Rb3f7] [#]} dxe3+ 37. Kxe3 {[%csl Gf4][%cal Rb3f7]} Ne6 38. Bxe6 $1 fxe6 {[#]} 39. Nf3 $1 Qb6+ 40. Kd3 {Hoping for g6!} Qd8+ 41. Kc2 $1 Qc8+ 42. Kd1 $1 Bc3 43. Qe4 (43. Qd6 $16) 43... b4 44. g6 {Nd4 is the strong threat.} Qd7+ {The position is equal.} 45. Kc1 {Intending Qa8+ and mate.} hxg6 46. Qxg6+ Kh8 47. Qe4 Qd5 48. Qxd5 {Accuracy: White = 79%, Black = 68%.} 1/2-1/2

[Event "Budapest Spring Festival 2019"]
[Site "Budapest"]
[Date "2019.04.17"]
[Round "9.6"]
[White "Markus, Robert"]
[Black "Kantor, Gergely"]
[Result "1/2-1/2"]
[WhiteElo "2600"]
[BlackElo "2505"]
[Annotator "TA"]
[PlyCount "38"]
[EventDate "2019.04.09"]
[EventType "swiss"]
[EventCountry "HUN"]
[SourceTitle "playchess.com"]
[Source "ChessBase"]
[SourceQuality "1"]

{[%evp 11,38,-8,11,11,10,3,8,0,16,14,16,16,10,6,8,8,15,10,11,10,0,-16,-11,-16,-16,-16,-16,-24,-25]} 1. Nf3 d5 2. g3 Nf6 3. Bg2 e6 4. O-O Be7 5. d3 O-O 6. Nbd2 Nc6 7. d4 {A07: Réti Opening: New York and Capablanca Systems} b6 8. b3 Bb7 9. Bb2 {The position is equal.} Na5 10. Ne5 c5 11. dxc5 Bxc5 12. c4 $146 ({Predecessor:} 12. Nd3 Be7 13. b4 Nc6 14. a3 Rc8 {1-0 (87) Rapport,R (2649)-Aronian,L (2765) Germany 2016}) 12... Rc8 13. Rc1 Be7 14. cxd5 Bxd5 15. Rxc8 Qxc8 16. e4 Bb7 17. Ng4 Nxg4 18. Qxg4 {[%csl Gb2][%cal Rg4g7] [#]} e5 19. Bh3 Qxg4 1/2-1/2